[Event "Moscow-ch"]
[Site "Moscow"]
[Date "1999.??.??"]
[Round "1"]
[White "Saulin, Dmitri"]
[Black "Abdulov, Rauf"]
[Result "1-0"]
[WhiteElo "2427"]
[BlackElo "2225"]
[PlyCount "96"]
[EventDate "1999.??.??"]
[EventType "swiss"]
[EventRounds "9"]
[EventCountry "RUS"]
[SourceTitle "EXT 2001"]
[Source "ChessBase"]
[SourceDate "2000.11.22"]
[SourceVersion "1"]
[SourceVersionDate "2000.11.22"]
[SourceQuality "1"]

1. e4 c5 2. Nf3 e6 3. d4 cxd4 4. Nxd4 Nc6 5. Nc3 Qc7 6. Be3 a6 7. Be2 Nf6 8. 0-0 Bb4 9. Na4 0-0 10. Nxc6 bxc6 11. f4 d5 12. e5 Nd7 13. c4 dxc4 14. Bxc4 a5 15. Qe2 Be7 16. Rac1 Bb7 17. Rfd1 Rfd8 18. Rd2 c5 19. Bb5 Bc6 20. b3 Bxb5 21. Qxb5 Rab8 22. Qe2 Rdc8 23. Qf2 g6 24. Rdc2 Rb5 25. h3 Qc6 26. g3 h5 27. Qg2 Qxg2+ 28. Kxg2 Kg7 29. Kf3 g5 30. Bd2 Kg6 31. Nc3 Rb4 32. Ne4 g4+ 33. hxg4 hxg4+ 34. Ke3 Rb5 35. Nc3 Rbb8 36. Na4 Ra8 37. Rh1 f6 38. Bc3 fxe5 39. Bxe5 Nxe5 40. fxe5 Bg5+ 41. Ke4 Rab8 42. Rc4 Rb4 43. Rd1 Rc7 44. Rd6 Kf7 45. Ra6 Rxc4+ 46. bxc4 Bd2 47. Rd6 Bg5 48. Nc3 Rc8 1-0